Statistics for Most Expensive Transfer by Nation

Click here to take the quiz!

General Stats

  • This quiz has been taken 33 times
  • The average score is 18 of 20

Answer Stats

NationFee
(€ mil)
ToFromPlayer% Correct
France180AS MonacoParis SGKylian Mbappé
100%
Brazil222BarcelonaParis SGNeymar
100%
Wales100Tottenham HotspurReal MadridGareth Bale
97%
England117Aston VillaManchester CityJack Grealish
93%
Portugal126SL BenficaAtlético MadridJoão Félix
93%
Belgium115Inter MilanChelseaRomelu Lukaku
93%
Argentina121SL BenficaChelseaEnzo Fernández
90%
Croatia90RB LeipzigManchester CityJoško Gvardiol
90%
Germany84Bayer LeverkusenChelseaKai Havertz
90%
Ukraine70Shakhtar DonetskChelseaMykhailo Mudryk
90%
Uruguay85SL BenficaLiverpoolDarwin Núñez
87%
Colombia75MonacoReal MadridJames Rodríguez
87%
Ecuador116Brighton & HoveChelseaMoisés Caicedo
87%
Italy70AC MilanNewcastleSandro Tonali
87%
Holland85SouthamptonLiverpoolVirgil van Dijk
87%
Sweden70Real SociedadNewcastleAlexander Isak
83%
Hungary70RB LeipzigLiverpoolDominik Szoboszlai
83%
Spain80Athletic BilbaoChelseaKepa Arrizabalaga
80%
Nigeria70LOSC LilleNapoliVictor Osimhen
80%
Denmark75AtalantaManchester UnitedRasmus Højlund
77%

Score Distribution

Percentile by Number Answered

Percent of People with Each Score

Your Score History

You have not taken this quiz